000 00527nam a2200169Ia 4500
999 _c35247
_d35247
003 OSt
005 20201221103650.0
008 190216s9999||||xx |||||||||||||| ||und||
040 _coclc
082 _a503
_bBEN/B
100 _aBenton, William
_97704
245 0 _aBritannica Yearbook Of Science And The Future 1969 /
_cWilliam Benton
260 _bEncyclopaedia Britannica In Corporation,
_c1969.
_aChicago:
300 _a447p
650 _aEncyclopaedia
942 _cREF
_2ddc
_h503
_iBEN/B
_k503
_mBEN/B